000 00902nam a22002055i 4500
001 165893
003 ES-MaACL
005 20230906213226.0
008 030613s1872 sp |||| | spa d
080 _a651.93
100 1 _aSuit y Agüero, Leopoldo.
_9132951
245 1 0 _aCompendio de taquigrafía o Arte de escribir siguiendo la rapidez de la palabra :
_bajustado al método del inventor D. Francisco de Paula Martí /
_cpor D. Leopoldo Suit y Agüero.
246 3 _aArte de escribir siguiendo la rapidez de la palabra
260 _aMadrid :
_bSalvador Sánchez Rubio,
_c1872.
300 _a51 p., 9 h. de lám. ;
_c22 cm.
530 _aDisponible en formato digital.
650 4 _aTaquigrafía Martí.
_9158818
852 4 _aES-MaACL
_jT-144-F-1
_z- Enc. hol.
_z- Enc. en un vol facticio
856 4 _uhttp://bdh-rd.bne.es/viewer.vm?id=0000187433&page=1
_zBiblioteca Digital Hispánica
999 _c165893
_d165893